000 00466nmm a2200157Ia 4500
008 251105s9999||||xx |||||||||||||||||und||
041 _aspa
100 _aMontiano, Juan Ignacio
245 0 _aAjustes en la alcaldía
264 _a[Madrid, España] :
_bVen y te lo cuento ediciones,
_c2013
300 _a68 páginas
490 _a¿Y si fuese cierto...
650 _aThriller & Suspense
856 _uhttps://public.digitaliapublishing.com/a/39520
942 _cCF
999 _c98299
_d98299